000 00277nam a2200109Ia 4500
008 200302s9999 xx 000 0 und d
100 _aChris Van Uffelen
245 _aThe Book of Drawings+ Sketches Architecture
260 _bBraun Publishing AG
260 _c2014
300 _a367
999 _c3404
_d3404